| 000 | 00554nam a2200193Ia 4500 | ||
|---|---|---|---|
| 003 | OSt | ||
| 005 | 20251003143449.0 | ||
| 008 | 210210b2010 xxu||||| |||| 00| 0 eng d | ||
| 040 | _cAL | ||
| 041 | _aSanskrit | ||
| 082 | _aS891.8E BHAC | ||
| 100 |
_aBhat G N Ed _9241339 |
||
| 245 |
_aConcept of marriage _b: collection of articles of the seminar |
||
| 260 |
_aMangaluru _bCenter for Inter-disciplinary Studies and Research in Sanskrit _c2010 |
||
| 300 | _avi,110p | ||
| 690 |
_aSanskrit Miscellaneous _9241340 |
||
| 906 | _a065502 | ||
| 942 |
_2ddc _cBK |
||
| 999 |
_c143011 _d143011 |
||